| 000 | 00846nam a2200241Ia 4500 | ||
|---|---|---|---|
| 008 | 220216s9999 xx 000 0 und d | ||
| 100 | _aJacob J.[a] | ||
| 245 | 0 | _aEcological impact of natural rubber, teak and jarul plantations | |
| 260 |
_bIn: Plantation crops research and development in the new millennium: Placrosym XIV, 12-15 December 2000, Hyderabad, India. (Eds. P. Rethinam, H.H. Khan, V.M. Reddy, P.K. Mandal and K. Suresh). Coconut Development Board, Kochi, India, pp. 365-369 _c2002 |
||
| 650 | _aEcological impact | ||
| 650 | _aJarul plantation | ||
| 650 | _aNatural rubber | ||
| 650 | _aSoil property | ||
| 650 | _aTeak | ||
| 700 | _aChaudhuri D. | ||
| 700 | _aDeka H.K. | ||
| 700 | _aDevakumar A.S. | ||
| 700 | _aMandal D. | ||
| 700 | _aMeti S. | ||
| 700 | _aSingh R.P. | ||
| 700 | _aThapliyal A.P. | ||
| 942 | _cBS | ||
| 999 |
_c52499 _d52499 |
||